[Event "FSGM December"]
[Site "Budapest HUN"]
[Date "1999.12.06"]
[Round "3"]
[White "Richter,Mi"]
[Black "Nguyen Anh Dung"]
[Result "0-1"]
[WhiteElo "2410"]
[BlackElo "2484"]

1.d4 Nf6 2.Nf3 e6 3.c4 b6 4.a3 Bb7 5.Nc3 d5 6.Bg5 Be7 7.Qa4+ c6 8.Bxf6 Bxf6
9.cxd5 exd5 10.g3 O-O 11.Bg2 c5 12.O-O c4 13.Qc2 Nc6 14.Rad1 Re8 15.e4 dxe4
16.Nxe4 Na5 17.d5 g6 18.Rfe1 Bg7 19.Qd2 h6 20.h4 Qb8 21.g4 Nb3 22.Qb4 Qf4
23.Qxc4 Nc5 24.Ned2 Rxe1+ 25.Nxe1 Qxc4 26.Nxc4 Ba6 27.b4 Bxc4 28.bxc5 bxc5
29.Rc1 Be2 30.Bf3 Bb2 31.Rxc5 Bxa3 32.Ra5 Bb4 33.Ra4 Bxf3 34.Nxf3 a5 35.Nd4 Rd8
36.Nc6 Rxd5 37.Nxb4 Rd4 38.Rxa5 Rxg4+ 39.Kf1 Rxb4 40.h5 g5 41.Rf5 Kg7  0-1

[Event "FSGM December"]
[Site "Budapest HUN"]
[Date "1999.12.06"]
[Round "3"]
[White "Lipinsky,F"]
[Black "Li Wenliang"]
[Result "0-1"]
[WhiteElo "2331"]
[BlackElo "2381"]

1.d4 Nf6 2.c4 e6 3.Nf3 b6 4.a3 Bb7 5.Nc3 d5 6.Bg5 Be7 7.Qa4+ Bc6 8.Qc2 dxc4
9.e4 b5 10.Rd1 O-O 11.Be2 a6 12.O-O Bb7 13.Rfe1 Nbd7 14.a4 c6 15.Bf1 h6 16.Bh4 Re8
17.e5 Nd5 18.Bxe7 Qxe7 19.Ne4 Reb8 20.Nd6 N7b6 21.Ra1 Nc7 22.Nd2 Ne8 23.N2e4 Nxd6
24.Nxd6 Rd8 25.Red1 Rab8 26.Ra3 Rxd6 27.exd6 Qxd6 28.Rg3 Rd8 29.Be2 Nxa4
30.Bxc4 c5 31.Bb3 cxd4 32.Bxa4 bxa4 33.Qe2 e5 34.Qd2 e4 35.Qa5 Rc8 36.Qxa4 d3
37.Re3 f5 38.g3 Kh8 39.h4 Bd5 40.Kg2 f4 41.gxf4 Qxf4 42.Qd7 Rc2 43.Qe8+ Bg8  0-1

[Event "FSGM December"]
[Site "Budapest HUN"]
[Date "1999.12.09"]
[Round "6"]
[White "Lipinsky,F"]
[Black "Horvath,Cs"]
[Result "1/2-1/2"]
[WhiteElo "2331"]
[BlackElo "2509"]

1.d4 Nf6 2.c4 e6 3.Nf3 b6 4.a3 c5 5.d5 Ba6 6.Qc2 exd5 7.cxd5 g6 8.Nc3 Bg7
9.g3 O-O 10.Bg2 d6 11.O-O Re8 12.Re1 Nbd7 13.Bf4 Qe7 14.Rad1  1/2-1/2

[Event "ch-ROM"]
[Site "Lasi ROM"]
[Date "1999.12.14"]
[Round "2"]
[White "Nanu,C"]
[Black "Istratescu,A"]
[Result "1/2-1/2"]
[WhiteElo "2397"]
[BlackElo "2570"]

1.d4 Nf6 2.Nf3 e6 3.c4 b6 4.a3 Bb7 5.Nc3 Ne4 6.Nxe4 Bxe4 7.Bg5 Be7 8.Bxe7 Qxe7
9.e3 d6 10.Be2 Nd7 11.O-O O-O 12.b4 e5 13.Nd2 Bb7 14.Bf3 e4 15.Be2 c5 16.Nb3 Bc6
17.Qd2 Ba4 18.Nc1 Nf6 19.Na2 Rfd8 20.Nc3 Bc6 21.bxc5 dxc5 22.d5 Rd6 23.a4 a5
24.f4 exf3 25.gxf3 Bd7 26.Rf2 Nh5 27.Bf1 f5 28.Re1 Rf8 29.Rg2 Qe5 30.f4 Qe7
31.Be2 Nf6  1/2-1/2

[Event "Open"]
[Site "Zadar CRO"]
[Date "1999.12.15"]
[Round "3"]
[White "Farago,I"]
[Black "Fucak,E"]
[Result "1-0"]
[WhiteElo "2512"]
[BlackElo "2303"]

1.d4 Nf6 2.c4 e6 3.Nf3 b6 4.a3 d5 5.Nc3 Be7 6.Qa4+ c6 7.cxd5 exd5 8.Bf4 O-O
9.g3 Bd6 10.Bg5 h6 11.Bxf6 Qxf6 12.Bg2 b5 13.Qb3 Be7 14.O-O a5 15.Qc2 b4
16.axb4 Bxb4 17.Ne5 Ra6 18.Na4 Bf5 19.Qc1 Qd6 20.Rd1 Ra8 21.Bf1 Ra7 22.Nd3 Nd7
23.Qf4 Qf6 24.Nxb4 axb4 25.Nc5 Rxa1 26.Nxd7 Bxd7 27.Rxa1 Qxf4 28.gxf4 Rb8
29.Ra7 Bf5 30.e3 Kf8 31.f3 Ke8 32.Kf2 Bd7 33.e4 g6 34.Ke3 Kd8 35.e5 Ke8 36.Bd3 Bh3
37.f5 gxf5 38.Kf4 b3 39.Ra4 Bg2 40.Kg3 Bh1 41.Bxf5 Ke7 42.Ra7+ Kd8 43.Rxf7 Rb4
44.e6 Rxd4 45.Rd7+  1-0

[Event "5th Gudmundur Arason"]
[Site "Hafnarfjordur ISL"]
[Date "1999.12.17"]
[Round "6"]
[White "Bosboom,M"]
[Black "Edvardsson,K"]
[Result "0-1"]
[WhiteElo "2476"]
[BlackElo "2209"]

1.c4 Nf6 2.d4 e6 3.Nf3 b6 4.a3 Ba6 5.Qc2 Bb7 6.Nc3 c5 7.d5 exd5 8.cxd5 Nxd5
9.Qe4+ Qe7 10.Qxd5 Bxd5 11.Nxd5 Qe4 12.Nc7+ Kd8 13.Ng5 Qg6 14.Nxa8 h6 15.Nf3 Nc6
16.g3 Bd6 17.Bg2 Ke7 18.Nxb6 axb6 19.O-O Qc2 20.b4 Nd4 21.Be3 Nxe2+ 22.Kh1 Rc8
23.Rfe1 Kf8 24.Rad1 Nd4 25.Rc1 Nxf3 26.Rxc2 Nxe1 27.Rd2 Nxg2 28.Rxd6 Nxe3
29.fxe3 c4 30.Rxd7 c3 31.Rd1 Ra8 32.Kg2 Rxa3 33.Rd6 c2 34.Rc6 Rxe3 35.Rxc2 Re4
36.Rb2 b5 37.Kf3 Rc4 38.Ke3 Ke7 39.Kd3 f5 40.Rb1 Kf6 41.Ke3 Ke5 42.Rb3 g5
43.Kd3 h5 44.Rb1 h4 45.Ke3 hxg3 46.hxg3 Rc3+ 47.Kf2 g4  0-1

[Event "Open"]
[Site "Zadar CRO"]
[Date "1999.12.19"]
[Round "9"]
[White "Farago,I"]
[Black "Fercec,N"]
[Result "1/2-1/2"]
[WhiteElo "2512"]
[BlackElo "2476"]

1.d4 Nf6 2.c4 e6 3.Nf3 b6 4.a3 c5 5.d5 Ba6 6.Qc2 exd5 7.cxd5 g6 8.Nc3 Bg7
9.g3 O-O 10.Bg2 d6 11.O-O Re8 12.Re1 b5 13.e4 Nbd7 14.Bf4 Qb6 15.h3 Rac8
16.Bf1 c4 17.Rad1  1/2-1/2

[Event "Young Masters"]
[Site "Groningen NED"]
[Date "1999.12.20"]
[Round "2"]
[White "Lalic,B"]
[Black "Straub,P"]
[Result "1/2-1/2"]
[WhiteElo "2550"]
[BlackElo "2120"]

1.d4 Nf6 2.c4 e6 3.Nf3 b6 4.a3 Bb7 5.Nc3 d5 6.cxd5 exd5 7.Bf4 Bd6 8.Bg3 a6
9.e3 O-O 10.b4 Nc6 11.Bd3 Re8 12.O-O Bxg3 13.hxg3 Qd6 14.Rc1 Ne7 15.Re1 Ng6
16.Qb3 Re7 17.a4 Ne4 18.b5 a5 19.Bxe4 dxe4 20.Nd2 Rae8 21.Red1 h5 22.Nc4 Qd8
23.d5 Rd7 24.Rd4 Bxd5 25.Qd1 Be6 26.Rxd7 Qxd7 27.Qxd7 Bxd7 28.Nd5 Rc8 29.Nb2 Be6
30.Rxc7 Rxc7 31.Nxc7 Ne5  1/2-1/2

[Event "Eastern Open"]
[Site "Washington DC USA"]
[Date "1999.12.26"]
[Round "2"]
[White "Kaufman,La"]
[Black "Epstein,E"]
[Result "1/2-1/2"]
[WhiteElo "2427"]
[BlackElo "2236"]

1.d4 Nf6 2.c4 e6 3.Nf3 b6 4.a3 Bb7 5.Nc3 Ne4 6.Nxe4 Bxe4 7.Nd2 Bg6 8.g3 d5
9.Bg2 Be7 10.e4 dxe4 11.Nxe4 c6 12.O-O O-O 13.Be3 a5 14.h4 h6 15.h5 Bf5 16.Qe2 Ra7
17.Rfd1 Rd7 18.Rd2 Qc8 19.Rad1 Rfd8 20.g4 Bh7 21.d5 exd5 22.cxd5 Rxd5 23.Rxd5 Rxd5
24.Rxd5 cxd5 25.Nc3 Be4 26.f3 Bc5 27.fxe4 d4 28.b4 axb4 29.axb4 Bxb4 30.Nd5 Bc5
31.Bf2 Nc6 32.Bh3 Ne5 33.Kg2 d3 34.Qd2 Qa6 35.Bg3 Nc4 36.Qd1 Qa2+ 37.Kh1  1/2-1/2

[Event "Weihnachtsopen"]
[Site "Zurich SUI"]
[Date "1999.12.28"]
[Round "4"]
[White "Cebalo,M"]
[Black "Moeschinger,M"]
[Result "1-0"]
[WhiteElo "2453"]
[BlackElo "2199"]

1.d4 Nf6 2.c4 e6 3.Nf3 b6 4.a3 Bb7 5.Nc3 d5 6.cxd5 exd5 7.g3 Be7 8.Bg2 O-O
9.O-O Re8 10.Bf4 c6 11.Qc2 Nbd7 12.Rad1 Nh5 13.Bc1 Bd6 14.e4 dxe4 15.Nxe4 Bf8
16.Ne5 Nxe5 17.dxe5 Qc7 18.f4 f5 19.Ng5 g6 20.b4 h6 21.Qc4+ Kh8 22.Nf7+ Kh7
23.Nd6 Bxd6 24.exd6 Qd7 25.Bb2 Re6 26.Rfe1 Rae8 27.Rxe6 Rxe6 28.Qxe6  1-0

[Event "8th Danube Open"]
[Site "Aschach AUT"]
[Date "1999.12.30"]
[Round "7"]
[White "Knoll,H"]
[Black "Kiss,At"]
[Result "0-1"]
[WhiteElo "2318"]
[BlackElo "2314"]

1.d4 Nf6 2.Nf3 e6 3.c4 b6 4.a3 Bb7 5.Nc3 d5 6.cxd5 Nxd5 7.e4 Nxc3 8.bxc3 Bxe4
9.Ne5 a6 10.Qg4 Bf5 11.Qh5 g6 12.Qd1 Be4 13.Bf4 Bg7 14.Qd2 Nd7 15.Qe3 Bb7
16.h4 Nf6 17.Bh6 Bxh6 18.Qxh6 Qe7 19.a4 Nd5 20.Rh3 O-O-O 21.Be2 f6 22.Nc4 e5
23.dxe5 fxe5 24.Qg5 Qc5 25.Nxe5 Rhe8 26.Qg4+ Kb8 27.Nd7+ Rxd7 28.Qxd7 Re7
29.Qg4 Bc8 30.Qf3 Bxh3 31.c4 Bxg2  0-1

[Event "Challengers"]
[Site "Hastings ENG"]
[Date "1999.12.30"]
[Round "2"]
[White "Pert,N"]
[Black "Zagrebelny,S"]
[Result "1-0"]
[WhiteElo "2425"]
[BlackElo "2521"]

1.d4 Nf6 2.Nf3 e6 3.c4 b6 4.a3 d5 5.Nc3 Be7 6.cxd5 exd5 7.Bf4 O-O 8.e3 c5
9.Be2 Bb7 10.Ne5 Nbd7 11.O-O Nxe5 12.Bxe5 Qd7 13.Bf3 Rfd8 14.dxc5 bxc5 15.Qb3 c4
16.Qc2 Qe6 17.Bg3 Ne4 18.Rfd1 Bf6 19.Bxe4 dxe4 20.Nb5 Qb6 21.Qxc4 Bxb2 22.Rab1 Rxd1+
23.Rxd1 Rc8 24.Bc7 Qe6 25.Qc2 Qg4 26.h3 Qh5 27.Nxa7 Ra8 28.Rb1 Rxa7 29.Qxb2 Qd5
30.Bb8  1-0

[Event "ROM-ch sf"]
[Site "Baile Tusnad"]
[Date "1999.??.??"]
[Round "1"]
[White "Nutiu, Mihail"]
[Black "Parligras, Mircea"]
[Result "0-1"]
[WhiteElo "2121"]
[BlackElo "2377"]

1.d4 Nf6 2.c4 e6 3.Nf3 b6 4.a3 Bb7 5.Nc3 d5 6.cxd5 Nxd5 7.Nxd5 Qxd5 8.Bf4 Bd6
9.Bxd6 Qxd6 10.e3 O-O 11.Bd3 Nd7 12.O-O Rfd8 13.Qc2 h6 14.Be4 Bxe4 15.Qxe4 c5
16.Rfd1 c4 17.d5 exd5 18.Qxd5 Qxd5 19.Rxd5 Nc5 20.Rad1 Rxd5 21.Rxd5 Rc8 22.Rd2 c3
23.bxc3 Ne4 24.Rc2 Rxc3 25.Rxc3 Nxc3 26.Nd4 Kf8 27.Kf1 Ke7 28.Ke1 Nb1 29.Nc2 Kd6
30.Ke2 Kc5 31.Kd3 b5 32.f3 Kb6 33.e4 Ka5 34.f4 Ka4 35.e5 Nxa3 36.Nxa3 Kxa3
37.f5 b4 38.e6 fxe6 39.fxe6 b3 40.e7 b2 41.Kc2 Ka2 42.e8=Q b1=Q+ 43.Kd2 Qb4+
44.Ke2 a5 45.Kf1 a4 46.h3 a3 47.Kg1 Ka1 48.Kh2 Qf4+ 49.Kh1 a2 50.Qe1+ Kb2
51.Qe2+ Kb3 52.Qd1+ Ka3 53.Qe1 Qd4 54.Qe7+ Kb2 55.Qe2+ Kb1 56.Qe1+ Kc2 57.Qe2+ Kb3
58.Qb5+ Kc3 59.Qa6 Qd1+ 60.Kh2 a1=Q 61.Qc6+ Kd2 62.Qd5+ Ke3 63.Qe6+ Kf4 64.g3+ Kf3
65.Qc6+ Ke2 66.Qe4+ Kd2 67.Qf4+ Ke1 68.g4 Qd2+  0-1

[Event "Regionalliga NO9899"]
[Site "Bayern"]
[Date "1999.??.??"]
[Round "?"]
[White "Kordts, Wolfgang"]
[Black "Ertl, Rolf"]
[Result "1/2-1/2"]
[WhiteElo "2150"]
[BlackElo "2125"]

1.Nf3 Nf6 2.c4 e6 3.d4 b6 4.a3 Bb7 5.Nc3 d5 6.cxd5 Nxd5 7.Qc2 c5 8.e4 Nf6
9.Bg5 Be7 10.Rd1 cxd4 11.Nxd4 Nbd7 12.Bb5 a6 13.Bxf6 axb5 14.Bxe7 Qxe7 15.Ndxb5 O-O
16.O-O Ne5 17.Rfe1 Rfd8 18.Rxd8+ Rxd8 19.Rd1 h6 20.h3 Ba6 21.Rxd8+ Qxd8 22.Qa4 Qd2
23.Qxa6 Qe1+ 24.Kh2 Qxf2 25.Qc8+ Kh7 26.Kh1 Qe1+ 27.Kh2 Ng4+ 28.hxg4 Qh4+  1/2-1/2

[Event "Berlin Tegel-B"]
[Site "Berlin"]
[Date "1999.??.??"]
[Round "9"]
[White "Paulsen, Dirk"]
[Black "Kiesekamp, Marcos"]
[Result "1-0"]
[WhiteElo "2330"]
[BlackElo "2235"]

1.d4 Nf6 2.c4 e6 3.Nf3 b6 4.a3 Ba6 5.Qc2 Bb7 6.Nc3 c5 7.e4 cxd4 8.Nxd4 Bc5
9.Nb3 Nc6 10.Nxc5 bxc5 11.Be3 Nd4 12.Bxd4 cxd4 13.Nb5 O-O 14.Nd6 Rb8 15.Bd3 e5
16.O-O Ne8 17.Nxb7 Rxb7 18.b4 Rb6 19.f4 Rh6 20.fxe5 Qe7 21.Rf5 g6 22.Qd2 Rxh2
23.Kxh2 gxf5 24.Qf4 f6 25.exf6 Rxf6 26.exf5 Qg7 27.Re1 Qf8 28.c5 d6 29.Rxe8 Qxe8
30.Qg5+ Kf7 31.Bc4+ Ke7 32.cxd6+  1-0

[Event "BRA-ch66 sf2"]
[Site "BRA"]
[Date "1999.??.??"]
[Round "2"]
[White "Matsuura, Everaldo"]
[Black "Dos Santos, Francisco Jose"]
[Result "1-0"]
[WhiteElo "2380"]
[BlackElo "2221"]

1.d4 Nf6 2.Nf3 e6 3.c4 b6 4.a3 Bb7 5.Nc3 Ne4 6.Nxe4 Bxe4 7.Nd2 Bb7 8.e4 g6
9.Bd3 Bg7 10.Nf3 Nc6 11.Bg5 Ne7 12.Qd2 c5 13.Bh6 Bxh6 14.Qxh6 Ng8 15.Qe3 cxd4
16.Qxd4 Qf6 17.e5 Qe7 18.Be4 Bxe4 19.Qxe4 Rb8 20.Qf4 Kf8 21.h4 h5 22.O-O Kg7
23.Rad1 Nh6 24.Rd3 Rb7 25.Rfd1 Rc8 26.Ng5 a6 27.Qf6+ Qxf6 28.exf6+ Kxf6 29.Ne4+ Ke7
30.Nd6 Rcc7 31.Nxb7 Rxb7 32.g3 Nf5 33.Kg2 Rc7 34.b3 d6 35.f3 Rc6 36.Kh3 a5
37.g4 Ng7 38.b4 axb4 39.axb4 Ne8 40.Rc1 Nf6 41.Ra3 Nd7 42.Ra7 e5 43.Rb7 Ke6
44.g5 Rc8 45.Ra1 Rd8 46.Raa7 d5 47.cxd5+ Kd6 48.Kg3 Nf8 49.Rxb6+ Kxd5 50.Rxf7 Ne6
51.Rf6 Nf4 52.Rxf4 exf4+ 53.Kxf4 Rf8+ 54.Rf6 Rg8 55.b5 Rg7 56.b6 Kc5 57.b7 Rxb7
58.Rxg6 Rb4+ 59.Kg3  1-0

[Event "CUB-ch U20"]
[Site "Camaguey"]
[Date "1999.??.??"]
[Round "3"]
[White "Almeida, Omar"]
[Black "Perea, Osmany"]
[Result "1-0"]
[WhiteElo "2370"]
[BlackElo "2295"]

1.d4 Nf6 2.c4 e6 3.Nf3 b6 4.a3 Bb7 5.Nc3 d5 6.Qc2 Nbd7 7.cxd5 Nxd5 8.Bg5 Be7
9.Nxd5 exd5 10.Bxe7 Kxe7 11.b4 c6 12.e3 Nf6 13.Bd3 Qd6 14.O-O Rhc8 15.a4 c5
16.bxc5 bxc5 17.dxc5 Rxc5 18.Qb2 Bc8 19.Ne5 Rb8 20.Qd4 Be6 21.Rab1 Rxb1 22.Rxb1 Rc7
23.h3 h6 24.a5 Ne8 25.f4 Nf6 26.Kh2 Ne8 27.Rb8 Bc8 28.a6 Bxa6 29.Bxa6 Qxa6
30.Qxd5 Nd6 31.Rg8 Qb7 32.Ng6+ fxg6 33.Rxg7+ Kd8 34.Qxd6+ Rd7 35.Rg8+  1-0

[Event "Cappelle op"]
[Site "Cappelle la Grande"]
[Date "1999.??.??"]
[Round "9"]
[White "Delemarre, Jop"]
[Black "Stefansson, Hannes"]
[Result "0-1"]
[WhiteElo "2402"]
[BlackElo "2547"]

1.d4 Nf6 2.Nf3 e6 3.c4 b6 4.a3 Bb7 5.Nc3 d5 6.Bg5 Be7 7.Qa4+ Bc6 8.Qc2 dxc4
9.e3 b5 10.Bxf6 Bxf6 11.a4 bxa4 12.Bxc4 Nd7 13.Be2 O-O 14.O-O e5 15.Rfd1 exd4
16.Nxd4 Bxd4 17.Rxd4 Qg5 18.Rg4 Qh6 19.Nb5 Ne5 20.Rg3 Bxb5 21.Bxb5 Rab8 22.Bxa4 Qb6
23.Rb1 Rfd8 24.Qc3 Qf6 25.Rf1 h5 26.f4 Ng4 27.Qxc7 Rxb2 28.Bd1 Nh6 29.Bxh5 g6
30.e4 Rdd2 31.e5 Qa6 32.Qc1 Nf5 33.Rg5 Ne3 34.Re1 Rbc2 35.Qb1 Rxg2+ 36.Rxg2 Rxg2+
37.Kh1 Rf2 38.Rxe3 Rf1+ 39.Qxf1  0-1

[Event "Moravia-chT 9899"]
[Site "CZE"]
[Date "1999.??.??"]
[Round "11"]
[White "Saljova, Silvie"]
[Black "Veselovsky, Sergey"]
[Result "0-1"]
[WhiteElo "2220"]
[BlackElo "2435"]

1.d4 Nf6 2.Nf3 e6 3.c4 b6 4.a3 c5 5.Nc3 cxd4 6.Nxd4 Bb7 7.Ndb5 d6 8.Bg5 a6
9.Bxf6 gxf6 10.Nd4 f5 11.e3 Nd7 12.Rc1 Ne5 13.Qa4+ Qd7 14.Qb3 Qc7 15.Qa4+ Ke7
16.h3 f4 17.exf4 Bh6 18.Rc2 Bxf4 19.Qb3 Qc5 20.Nce2 Bh6 21.Qc3 Be4 22.b4 Bxc2
23.Ng3 Qc7 24.Qxc2 Bg7 25.Qe4 d5 26.Qh4+ Kf8 27.Qh5 Nxc4 28.Bxc4 Bxd4 29.Ne2 Qxc4
30.O-O Bg7 31.Rc1 Qe4 32.Rc7 Qb1+ 33.Rc1 Qf5 34.Qh4 Bf6 35.Qh6+ Bg7 36.Qe3 Qe4  0-1

[Event "Eger Agria op"]
[Site "Eger"]
[Date "1999.??.??"]
[Round "?"]
[White "Kerek, Csaba"]
[Black "Toth, Daniel"]
[Result "1-0"]
[WhiteElo "2385"]
[BlackElo "2110"]

1.d4 Nf6 2.Nf3 e6 3.c4 b6 4.a3 Bb7 5.Nc3 d5 6.Bg5 Be7 7.Qa4+ c6 8.Bxf6 Bxf6
9.cxd5 exd5 10.g3 O-O 11.Bg2 Re8 12.O-O Nd7 13.Rad1 a5 14.Rfe1 b5 15.Qb3 Be7
16.e4 dxe4 17.Nxe4 a4 18.Qc2 Rc8 19.Bh3 Rc7 20.Ne5 Nb6 21.Nc5 Bxc5 22.dxc5 Nd5
23.Nd3 Rxe1+ 24.Rxe1 Re7 25.Rxe7 Qxe7 26.Qd2 Qc7 27.Qe2 Bc8 28.Qe8+  1-0

[Event "Cataluna Club op"]
[Site "ESP"]
[Date "1999.??.??"]
[Round "?"]
[White "Espuny Vinye, Ramon"]
[Black "Castaner Halster, Xavier"]
[Result "0-1"]
[WhiteElo "2065"]
[BlackElo "2280"]

1.Nf3 Nf6 2.c4 e6 3.d4 b6 4.a3 Ba6 5.Qc2 c5 6.dxc5 Bxc5 7.b4 Be7 8.g3 Qc7
9.Nbd2 O-O 10.Bb2 Rc8 11.Bg2 d5 12.O-O Bxc4 13.Nxc4 Qxc4 14.Qxc4 Rxc4 15.Rac1 Nbd7
16.Nd2 Rcc8 17.e4 dxe4 18.Nxe4 Nd5 19.Rfd1 Rab8 20.h4 b5 21.Bf1 a6 22.Bd4 N5b6
23.Bc5 Nxc5 24.Nxc5 Bxc5 25.bxc5 Na4 26.c6 Rc7 27.Rd7 Rbc8 28.Rcd1 Kf8 29.Bg2 Ke8
30.g4 Nb2 31.R1d4 Nc4 32.a4 e5 33.Rd3 bxa4 34.Bd5 Nb6 35.Bxf7+ Kf8 36.Rf3 Nxd7
37.cxd7 Rxd7 38.Bb3+ Ke7 39.Bxa4 Rd4 40.Bb3 Rxg4+  0-1

[Event "Oberliga Ost B9899"]
[Site "GER"]
[Date "1999.??.??"]
[Round "?"]
[White "Bergmann, Andy"]
[Black "Holl, Andreas"]
[Result "1/2-1/2"]
[WhiteElo "2205"]
[BlackElo "2145"]

1.d4 Nf6 2.Nf3 e6 3.c4 b6 4.a3 Bb7 5.Nc3 Be7 6.g3 d5 7.cxd5 Nxd5 8.Bg2 Nxc3
9.bxc3 Nd7 10.O-O c5 11.Qd3 O-O 12.Ng5 Bxg5 13.Bxb7 Rb8 14.Bg2 Bxc1 15.Raxc1 Qc7
16.f4 Rbd8 17.Qf3 cxd4 18.cxd4 Qd6 19.Qd3 Rc8 20.e4 e5 21.d5 Rxc1 22.Rxc1 exf4
23.Rc6 Qe5 24.gxf4 Qxf4 25.Qg3 Qxg3 26.hxg3 Ne5 27.Rc7 a5 28.Rb7 Nc4 29.Bf1 Nd6
30.Rxb6 Nxe4 31.Kg2 Rd8 32.Rb5 Nc3 33.Rxa5 Nxd5 34.Kf3 Kf8 35.Ra7 Nb6 36.Rb7 Nd7
37.a4 Nc5 38.Ra7 Rd7 39.Ra8+ Ke7 40.Bb5 Rb7 41.Bc4 Nd7 42.Bb5 h6 43.Rg8 g6
44.Rh8 h5 45.Ra8 Nb8 46.Bc4 Nc6 47.Ke4 Kd6 48.Bb5 Na7  1/2-1/2

[Event "NRW-Liga I 9899"]
[Site "GER"]
[Date "1999.??.??"]
[Round "8"]
[White "Zietlow, Thomas"]
[Black "Kasnitz, Martin"]
[Result "1/2-1/2"]
[WhiteElo "2065"]
[BlackElo "2235"]

1.d4 Nf6 2.c4 e6 3.Nf3 b6 4.a3 d5 5.Nc3 Be7 6.cxd5 exd5 7.Qa4+ Bd7 8.Qb3 c6
9.Bg5 Bf5 10.g3 h6 11.Bf4 O-O 12.Bg2 Nbd7 13.O-O b5 14.Ne5 Rc8 15.Rac1 Qb6
16.Nxd7 Bxd7 17.e4 dxe4 18.Nxe4 Be6 19.Qc2 Qxd4 20.Rfd1 Qb6 21.Nd6 Bxd6 22.Rxd6 Rfd8
23.Be3 Qa5 24.Rxc6 Rxc6 25.Bxc6 Ng4 26.Qe2 Nxe3 27.Qxe3 b4 28.Qe1 Rd4  1/2-1/2

[Event "GER-ch 11th Seniors"]
[Site "Germany"]
[Date "1999.??.??"]
[Round "?"]
[White "Neese, Hans Joachim"]
[Black "Rosen, Willy"]
[Result "1-0"]
[WhiteElo "2175"]
[BlackElo "2280"]

1.d4 Nf6 2.c4 e6 3.Nf3 b6 4.a3 Bb7 5.Nc3 d5 6.Bg5 Be7 7.e3 O-O 8.cxd5 exd5
9.Bd3 Nbd7 10.O-O Ne4 11.Bxe7 Qxe7 12.Rc1 c5 13.Bb5 Ndf6 14.Ne5 a6 15.Bc6 Nxc3
16.Rxc3 Ne4 17.Rc2 f6 18.dxc5 Rad8 19.Bxb7 Qxe5 20.cxb6 d4 21.Qd3 f5 22.Bxa6 dxe3
23.Qxe3 f4 24.Qe2 f3 25.Qb5 Qf4 26.Qb3+ Kh8 27.Qxf3 Qxf3 28.gxf3 Nd2 29.Rfc1 Nb3
30.b7 Nxc1 31.Rxc1 Rb8 32.Rc8 Rd8 33.a4 Kg8 34.Bc4+ Kf8 35.Rc7  1-0

[Event "SWZ-ch"]
[Site "Graechen"]
[Date "1999.??.??"]
[Round "?"]
[White "Siegel, Georg"]
[Black "Kupper, Patrick"]
[Result "0-1"]
[WhiteElo "2483"]
[BlackElo "2300"]

1.d4 Nf6 2.c4 e6 3.Nf3 b6 4.a3 Ba6 5.Qc2 Bb7 6.Nc3 c5 7.e4 cxd4 8.Nxd4 Nc6
9.Nxc6 Bxc6 10.Bf4 Bc5 11.Be2 O-O 12.O-O Qe7 13.Rad1 a5 14.Bg5 h6 15.Bh4 e5
16.Nd5 Bxd5 17.exd5 Qd6 18.Qf5 Nh7 19.Kh1 Rae8 20.Bg3 Qe7 21.Rde1 Bd6 22.Bd3 Ng5
23.Bc2 g6 24.Qd3 f5 25.f3 e4 26.fxe4 Nxe4 27.Bxd6 Qxd6 28.Qe3 Kh7 29.Kg1 Nf6
30.Qd4 Ng4 31.g3 Ne5 32.Re3 Ng4 33.Ree1 h5 34.Kg2 Re7 35.h3 Nf6 36.Rxe7+ Qxe7
37.Qxb6 Qe2+ 38.Rf2 Qxc4 39.Qxa5 Nxd5 40.Qe1 Rf7 41.Qe2 Qc7 42.Qf3 Nf6 43.Re2 d5
44.Bb3 Rd7 45.a4 d4 46.Bc2 Nd5 47.Bd3 Ne3+ 48.Kh2 h4 49.Rf2 Re7 50.Qf4 hxg3+
51.Kxg3 Qc5 52.Kh2 Kg7 53.a5 Nd5 54.Qg5 Qd6+ 55.Qg3 f4 56.Qg5 Re3 57.Bf1 d3
58.Qg4 Rg3 59.Qd1 Ne3 60.Qc1 d2  0-1

[Event "Hessen-ch int"]
[Site "Hessen"]
[Date "1999.??.??"]
[Round "6"]
[White "Bagaturov, Giorgi"]
[Black "Lau, Ralf"]
[Result "0-1"]
[WhiteElo "2530"]
[BlackElo "2460"]

1.d4 Nf6 2.c4 e6 3.Nf3 b6 4.a3 Ba6 5.Qc2 Bb7 6.Nc3 c5 7.e4 cxd4 8.Nxd4 Nc6
9.Nxc6 Bxc6 10.Be2 Qc7 11.f4 Bc5 12.Rf1 d6 13.Qd3 a5 14.f5 e5 15.Be3 O-O
16.g4 Qb7 17.Bf3 Bxe3 18.Qxe3 b5 19.g5 Nd7 20.cxb5 Bxb5 21.Rf2 Bc4 22.Rd1 Ra6
23.Be2 Bxe2 24.Qxe2 Nc5 25.Nd5 a4 26.f6 g6 27.Rf3 Rb8 28.Rc3 Ra5 29.Rh3 Re8
30.Rh6 Ne6 31.Qg4 Rxd5 32.exd5 Nf4 33.Rd2 Rc8 34.Qd1 Rc4 35.Rc2 Rd4 36.Qf3 Rxd5
37.Kf2 Nd3+ 38.Kf1 e4 39.Qxe4 Rf5+ 40.Qxf5 gxf5 41.Rh3 Qh1+ 42.Ke2 Nf4+ 43.Kd2 Qg2+  0-1

[Event "Figueira Foz Honra"]
[Site "Honra"]
[Date "1999.??.??"]
[Round "8"]
[White "Alho, Diogo"]
[Black "Carvalho, Alda"]
[Result "0-1"]
[WhiteElo "2000"]
[BlackElo "2100"]

1.d4 Nf6 2.c4 e6 3.Nf3 b6 4.a3 Bb7 5.Nc3 d6 6.g3 Nbd7 7.Bg2 Be7 8.d5 exd5
9.Nd4 c5 10.Nf5 O-O 11.cxd5 a6 12.a4 Re8 13.Nxe7+ Qxe7 14.O-O Ne5 15.f4 Ng6
16.e4 b5 17.axb5 axb5 18.Rxa8 Bxa8 19.Nxb5 Qd7 20.Nc3 Qa7 21.Re1 Qa5 22.Kf1 Bb7
23.Qa4 Ba6+ 24.Kg1 Qxa4 25.Nxa4 Nxd5 26.Rd1 Nf6 27.Rxd6 Bb7 28.e5 Bxg2 29.Kxg2 Ne4
30.Rc6 Ne7 31.Rc7 Nd5 32.Rd7 Nb4 33.Be3 c4 34.g4 g6 35.Nb6 Rb8 36.Nxc4 Nc2  0-1

[Event "HUN-chT29899"]
[Site "HUN"]
[Date "1999.??.??"]
[Round "?"]
[White "Kormos, Lajos"]
[Black "Diamant, Tibor"]
[Result "1-0"]
[WhiteElo "2175"]
[BlackElo "2105"]

1.d4 Nf6 2.c4 e6 3.Nf3 b6 4.a3 Bb7 5.Nc3 d5 6.cxd5 Nxd5 7.e3 a6 8.Bd3 Be7
9.e4 Nxc3 10.bxc3 O-O 11.O-O Nd7 12.Qe2 Re8 13.Rd1 Nf8 14.Be3 Qc8 15.c4 c6
16.c5 b5 17.e5 f6 18.exf6 Bxf6 19.Bf4 Qd8 20.Bd6 Be7 21.Bxe7 Qxe7 22.Ne5 Rac8
23.Qe4 Rc7 24.Re1 g6 25.Rad1 Qg7 26.Bc2 Kh8 27.Qh4 Qe7 28.Qh3 Qf6 29.Re3 Rg7
30.Rf3 Qe7 31.Rxf8+ Rxf8 32.Nxg6+ Rxg6 33.Bxg6 Bc8 34.Bc2 Qg7 35.Qe3 Qf6
36.Qe5 Kg7 37.Rd3 Qxe5 38.dxe5 Rf7 39.g3 a5 40.f4 h6 41.Rd8 Rc7 42.Kf2 Bd7
43.Ra8 a4 44.Ke3 Bc8 45.g4 Kf7 46.f5 h5 47.h3 hxg4 48.hxg4 exf5 49.gxf5 Re7
50.Kf4 Bd7 51.Bb1 Re8 52.Ra7  1-0

[Event "HUN-chT9899"]
[Site "HUN"]
[Date "1999.??.??"]
[Round "?"]
[White "Vegh, Endre"]
[Black "Horvath, Tamas1"]
[Result "1/2-1/2"]
[WhiteElo "2340"]
[BlackElo "2430"]

1.d4 Nf6 2.c4 e6 3.Nf3 b6 4.a3 Bb7 5.Nc3 Ne4 6.Nxe4 Bxe4 7.Bf4 Be7 8.e3 O-O
9.Bd3 Bxd3 10.Qxd3 d6 11.O-O Nd7 12.Rad1 Qc8 13.Rfe1 Qb7 14.e4 Rad8 15.Qc2 Rfe8  1/2-1/2

[Event "HUN-chT9899"]
[Site "HUN"]
[Date "1999.??.??"]
[Round "?"]
[White "Dobos, Jozsef"]
[Black "Goczo, Melinda"]
[Result "1-0"]
[WhiteElo "2385"]
[BlackElo "2185"]

1.d4 Nf6 2.c4 e6 3.Nf3 b6 4.a3 Bb7 5.Nc3 d5 6.Bg5 Be7 7.Qa4+ Bc6 8.Qc2 O-O
9.e3 Bb7 10.cxd5 exd5 11.Bd3 Nbd7 12.Ne5 h6 13.Bf4 c5 14.h3 Rc8 15.Bf5 cxd4
16.exd4 g6 17.Bxd7 Nxd7 18.Nxd7 Qxd7 19.Bxh6 Rfe8 20.O-O Ba6 21.Rfe1 Bf6
22.Qd2 Bc4 23.Qf4 Re6 24.Re3 Rce8 25.Rae1 Kh7 26.Bg5 Bg7 27.Qh4+ Kg8 28.Qg4 Bd3
29.Rd1 Bf5 30.Qf3 Be4 31.Qe2 f6 32.Bf4 g5 33.Bh2 f5 34.Qb5 Qxb5 35.Nxb5 f4
36.Rc3 Bd3 37.Bxf4 Bxb5 38.Bxg5 Re1+ 39.Rxe1 Rxe1+ 40.Kh2 Bxd4 41.Rc8+ Kf7
42.f4 a6 43.Rc7+ Ke8 44.h4 Bd3 45.h5 Be4 46.h6 Re2 47.h7 Rxg2+ 48.Kh3 Rg1
49.Bh4 Bf5+ 50.Kh2 Rg6 51.Bg5 Bd7 52.Rc2 Bh8 53.Re2+ Re6 54.Rd2 d4 55.f5 Re5
56.Kg3 Rxf5 57.Kh4 Kf7 58.Re2 Be6 59.Rc2 Rf3 60.Rh2 Bf5  1-0

[Event "HUN-chT9899"]
[Site "HUN"]
[Date "1999.??.??"]
[Round "?"]
[White "Vigh, Bela"]
[Black "Gosztola, Istvan"]
[Result "1-0"]
[WhiteElo "2385"]
[BlackElo "2230"]

1.d4 Nf6 2.c4 e6 3.Nf3 b6 4.a3 Bb7 5.Nc3 Be7 6.g3 d5 7.cxd5 Nxd5 8.Bg2 O-O
9.O-O Nxc3 10.bxc3 c5 11.Qd3 Nd7 12.Ng5 Bxg5 13.Bxb7 Rb8 14.Bxg5 Qxg5 15.Bc6 Nf6
16.f4 Qh5 17.Bf3 Qg6 18.Qxg6 hxg6 19.Rac1 Rbc8 20.Kf2 Rc7 21.Ke3 Rfc8 22.Kd2 Kf8
23.e4 cxd4 24.cxd4 Rxc1 25.Rxc1 Rxc1 26.Kxc1 Nh7 27.Kd2 Ke7 28.Kc3 g5 29.Kb4 gxf4
30.gxf4 Kd7 31.Kb5 Kc7 32.e5 Nf8 33.Bh5 f6 34.exf6 gxf6 35.Ka6 Kb8 36.Bf7  1-0

[Event "HUN-chT9899"]
[Site "HUN"]
[Date "1999.??.??"]
[Round "?"]
[White "Bali, Janos"]
[Black "Nagy, Edmund"]
[Result "1/2-1/2"]
[WhiteElo "2350"]
[BlackElo "2350"]

1.d4 Nf6 2.c4 e6 3.Nf3 b6 4.a3 d5 5.Nc3 Be7 6.Bg5 Bb7 7.Bxf6 Bxf6 8.cxd5 exd5
9.g3 O-O 10.Bg2 Re8 11.O-O Na6 12.b4 c5 13.Rb1 c4 14.e3 Nc7 15.b5 Qd6 16.a4 Rad8
17.Rb2 Bc8 18.Ne1 Qa3 19.Qc1 Bf5 20.Bf3 Be7 21.Bd1 Qd6 22.Nc2 Qh6 23.Bf3 g5
24.Nb4 Bxb4 25.Rxb4 Bd3 26.Re1 f5 27.a5 Re6 28.axb6 axb6 29.Ra4 g4 30.Bg2 Qh5
31.Qd1 Red6 32.h4 Qe8 33.Rb4 Ra8 34.Qd2 Ra5 35.Rc1 Rd8 36.Qb2 Qe7 37.Ra4 Rxa4
38.Nxa4 Be4 39.Ra1 Ra8 40.Nc3 Qf8 41.Ra4 Rxa4 42.Nxa4 Bxg2 43.Kxg2 Qe8 44.Nc3 Kf7
45.Qb4 Ke6 46.Kh2 Qa8 47.Kg2 Kd7 48.Qb1  1/2-1/2